00842nam a2200145Ia 4500008004100000020001800041082002600059110003600085245011000121250001100231260003900242300001700281505025900298650013900557120622s9999 xx 000 0 und d a970-676-517-4 a323.04072 M611fa 2004 aMéxico. Leyes, decretos, etc. aFisco agenda / títulos en los artículos, referencias y correlaciones por Efraín Lechuga Santillán a30a ed aMéxico : Ediciones Fiscales ISEF apag. varía aContenido: Ley del impuesto sobre la renta. -- Ley del impuesto al activo. -- Ley del impuesto al valor agregado. -- Ley del impuesto especial, sobre producción y servicios. -- Código Fiscal de la Federación. -- Ley de ingresos de la federación a1. DERECHO FISCAL - LEGISLACION - MEXICO \ 2. RECAUDACION DE IMPUESTOS - LEGISLACION - MEXICO \ 3. IMPUESTOS - LEGISLACION - MEXICOÌ